Finite element in engineering design
Uloženo v:
| Hlavní autor: | |
|---|---|
| Médium: | Kniha |
| Jazyk: | angličtina |
| Vydáno: |
S.Chand
2018
|
| Tagy: |
Přidat tag
Žádné tagy, Buďte první, kdo vytvoří štítek k tomuto záznamu!
|
MARC
| LEADER | 00000nam a22000007a 4500 | ||
|---|---|---|---|
| 008 | 240422b |||||||| |||| 00| 0 eng d | ||
| 020 | |a 9788121923149 | ||
| 100 | |a RAJASEKARAN, S. | ||
| 245 | |a Finite element in engineering design |c /S.R ajasekaran |g xii,630p;ill | ||
| 260 | |b S.Chand |c 2018 |h New Delhi |i 702756 |i 702757 |i 702758 |l TA347.R13 |m Finite element method |m Engineering design-Data Processing | ||
| 500 | |a it includes index | ||
| 942 | |a lcc |c BK |e Johnson |f 22/04/24 | ||
| 952 | |0 0 |1 0 |2 lcc |4 0 |6 TA0347 R13 |7 0 |9 5086 |a TL |b HOL |c QZ |d 2024-04-22 |l 0 |o TA347.R13 |p 2024-0334 |r 2024-04-22 00:00:00 |t 702756 |w 2024-04-22 |y BK | ||
| 952 | |0 0 |1 0 |2 lcc |4 0 |6 TA0347 R13 |7 0 |9 5087 |a HOL |b HOL |c QZ |d 2024-04-22 |l 0 |o TA347.R13 |p 2024-0335 |r 2024-04-22 00:00:00 |t 702757 |w 2024-04-22 |y BK | ||
| 952 | |0 0 |1 0 |2 lcc |4 0 |6 TA0347 R13 |7 0 |9 5088 |a HOL |b HOL |c QZ |d 2024-04-22 |l 0 |o TA347.R13 |p 2024-0336 |r 2024-04-22 00:00:00 |t 702758 |w 2024-04-22 |y BK | ||
| 999 | |c 2524 |d 2524 | ||